Жизнь и приключения Робинзона Крузо (Запись № 4789109)

Подробности
000 -МАРКЕР
контрольное поле 01755nam0a22003611 4500
001 - ИДЕНТИФИКАТОР ЗАПИСИ
контрольное поле v19\rc\1616656
005 - ИДЕНТИФИКАТОР ВЕРСИИ
контрольное поле 20260405071312.0
035 ## - ДРУГИЕ СИСТЕМНЫЕ НОМЕРА
Идентификатор записи (NLR Aleph) 004837736
100 ## - ДАННЫЕ ОБЩЕЙ ОБРАБОТКИ
Данные общей обработки 20061002d1898 |||y0rusy50 ca
101 1# - ЯЗЫК РЕСУРСА
Язык текста, звукозаписи и т.д. русский
Язык оригинала английский
102 ## - СТРАНА ПУБЛИКАЦИИ ИЛИ ПРОИЗВОДСТВА
Страна публикации Российская Федерация
105 ## - ПОЛЕ КОДИРОВАННЫХ ДАННЫХ: ТЕКСТОВЫЕ МАТЕРИАЛЫ, МОНОГРАФИЧЕСКИЕ
Кодированные данные о монографическом текстовом документе a z |||||
200 1# - ЗАГЛАВИЕ И СВЕДЕНИЯ ОБ ОТВЕТСТВЕННОСТИ
Основное заглавие Жизнь и приключения Робинзона Крузо
Сведения, относящиеся к заглавию [Изд. для нар. и школ. чтения]
Первые сведения об ответственности Соч. Даниэля Дефо
Последующие сведения об ответственности Пер. с англ. В.М.
-- Ред. В.И. Шемякина. Т. 1-2
210 ## - ПУБЛИКАЦИЯ, РАСПРОСТРАНЕНИЕ И ДР.
Место издания, распространения и т.д. Санкт-Петербург
Имя издателя, распространителя и т. д. типо-лит. Р. Голике
Дата издания, распространения и т.д. 1898
215 ## - ФИЗИЧЕСКАЯ ХАРАКТЕРИСТИКА
Специфическое обозначение материала и объем 2 т.
Другие сведения о физической характеристике ил.
Размеры 19
225 1# - СЕРИЯ
Основное заглавие серии Приходская библиотека, изд. под редакцией В.И. Шемякина
Обозначение тома № 65-66
327 0# - ПРИМЕЧАНИЯ О СОДЕРЖАНИИ
Текст примечания С. I-IV Т. 1: Даниэль Дефо: (Биогр. очерк) / В.М.
464 #0 - АНАЛИТИЧЕСКИЙ УРОВЕНЬ
Встроенное поле 2001#$aДаниэль Дефо$eБиогр. очерк. Т. 1$fВ.М.
-- 215##$aС. I-IV
-- 700#0$aВ.М.
Заглавие Даниэль Дефо
Автор В.М.
532 13 - РАСШИРЕННОЕ ЗАГЛАВИЕ
Заглавие Жизнь и приключения Робинзона Крузо
700 #1 - ИМЯ ЛИЦА - ПЕРВИЧНАЯ ОТВЕТСТВЕННОСТЬ
Системный номер авторитетной/нормативной записи z01790
Начальный элемент ввода Дефо
Часть имени, кроме начального элемента ввода Д.
Даты ок. 1660-1731
Расширение инициалов личного имени Даниель
702 #0 - ИМЯ ЛИЦА - ВТОРИЧНАЯ ОТВЕТСТВЕННОСТЬ
Начальный элемент ввода В.М.
Код отношения Переводчик
702 #1 - ИМЯ ЛИЦА - ВТОРИЧНАЯ ОТВЕТСТВЕННОСТЬ
Код отношения Редактор
Графика поля Кириллица
Материалы, к которым относится поле rus
Начальный элемент ввода Шемякин
Часть имени, кроме начального элемента ввода В. И.
Дополнения к именам, кроме дат деятель народного просвещения
Даты 1840-1916
Расширение инициалов личного имени Василий Иванович
Системный номер авторитетной/нормативной записи 223235
Идентификатор авторитетной/нормативной записи RU\NLR\AUTH\770223291
790 #1 - ИМЯ ЛИЦА - АЛЬТЕРНАТИВНАЯ ФОРМА
Графика поля Кириллица
Материалы, к которым относится поле rus
Начальный элемент ввода Дефо
Часть имени, кроме начального элемента ввода Д.
Даты ок.1660-1731
Расширение инициалов личного имени Даниель
Системный номер авторитетной/нормативной записи 912
Идентификатор авторитетной/нормативной записи RU\NLR\AUTH\7717827
801 #0 - ИСТОЧНИК ЗАПИСИ
Страна Российская Федерация
Организация NLR
Правила каталогизации psbo
801 #0 - ИСТОЧНИК ЗАПИСИ
Страна Российская Федерация
Организация RuMoRGB
Источник данных psbo
801 #1 - ИСТОЧНИК ЗАПИСИ
Страна Российская Федерация
Организация ProSoft-M
Источник данных rusmarc
852 ## - МЕСТОНАХОЖДЕНИЕ И ШИФР ХРАНЕНИЯ
Идентификатор организации NLR
Шифр хранения (Call Number) 18.307.2.28(т. 1-2)
899 ## - ДАННЫЕ О МЕСТОНАХОЖДЕНИИ (устаревшее)
Местонахождение RuMoRGB
Шифр хранения D 37/191 (№ 65-66)
899 ## - ДАННЫЕ О МЕСТОНАХОЖДЕНИИ (устаревшее)
Местонахождение БАН
942 ## - ДОПОЛНИТЕЛЬНЫЕ ЭЛЕМЕНТЫ ЗАПИСИ (АБИС)
Тип экземпляра АБИС Книга
980 ## - КОЛЛЕКЦИЯ
Название коллекции Национальная библиография
Экземпляры
Тип экземпляра Дата поступления Библиотека постоянного хранения Библиотека текущего хранения Место хранения Шифр хранения Штрих-код Статус экземпляра
Книга 26.10.2013 РНБ (Московский) РНБ (Московский) Неопределен, для заказа не доступен, в ЭК виден   4837736-30  
Книга 26.10.2013 РНБ (Садовая) РНБ (Садовая) Русский книжный фонд -Главное здание, Ленинский читальный зал 18.307.2.28(т. 1-2) 4837736-10